000 00599nam a2200181 i 4500
001 26524
003 ES-MaACL
005 20230906153445.0
007 t|
008 030109s1904 sp |||| | spa d
100 1 _aArévalo y Carretero, Celso.
_922669
245 1 0 _aEstudio de la resistencia eléctrica en los cristales /
_cCelso Arévalo y Carretero.
260 _aSegovia :
_bSegundo Rueda,
_c1904.
300 _a28 p. ;
_c23 cm.
502 _aTesis doctoral. Universidad Central. Facultad de Ciencias, Sección de Naturales.
650 4 _aCristales.
_9135833
852 _aES-MaACL
_jT-1067-F-2
999 _c26524
_d26524